[Event "Open"]
[Site "Lisbon POR"]
[Date "2001.08.28"]
[Round "8"]
[White "Fernandes,An"]
[Black "Carrasco Martinez,J"]
[Result "0-1"]
[WhiteElo "2458"]
[BlackElo "2341"]

1.d4 Nf6 2.Bg5 e6 3.e4 h6 4.Bxf6 Qxf6 5.Nc3 d6 6.Qd2 g5 7.O-O-O Bg7 8.g3 Nc6
9.Nb5 Qd8 10.Qe3 a6 11.Nc3 Qf6 12.Nge2 g4 13.h3 h5 14.hxg4 hxg4 15.Rxh8+ Bxh8
16.Bg2 Bd7 17.e5 dxe5 18.d5 Nd4 19.dxe6 Bxe6 20.Bxb7 Rb8 21.Ne4 Qe7 22.Qh6 Nxe2+
23.Kb1 Qf8 24.Nf6+ Ke7 25.Nd5+ Bxd5 26.Qh4+ Bf6 27.Qxg4 Nc3+ 28.bxc3 Rxb7+
29.Ka1 e4 30.Qf5 Bxc3+  0-1

[Event "EYCC B16"]
[Site "Halkidiki GRE"]
[Date "2001.09.03"]
[Round "4"]
[White "Milovic,J"]
[Black "Ibarra Jerez,JC"]
[Result "0-1"]
[WhiteElo "2117"]
[BlackElo "2238"]

1.d4 Nf6 2.Bg5 e6 3.e4 c5 4.Bxf6 Qxf6 5.e5 Qd8 6.d5 Qb6 7.Nc3 Qxb2 8.Nge2 a6
9.Rb1 Qa3 10.g3 b5 11.Bg2 Bb7 12.O-O Ra7 13.Qd2 b4 14.dxe6 dxe6 15.Ne4 Bxe4
16.Bxe4 Be7 17.Nf4 O-O 18.Nh5 Nd7 19.Rb3 Qa5 20.Qf4 c4 21.Re3 f5 22.Bc6 Qc5
23.Bxd7 Rxd7 24.Qf3 Bg5 25.Re2 Qd5 26.Qxd5 Rxd5 27.h4 Bd2 28.Rd1 Rfd8 29.Kg2 Kf7
30.Kf3 Bc3 31.Rxd5 Rxd5 32.Kf4 Ra5 33.g4 g6 34.Nf6 Rxa2 35.gxf5 gxf5 36.f3 b3
37.Rg2 bxc2 38.Rg7+ Kxg7 39.Nh5+ Kf7  0-1

[Event "ch-New York State"]
[Site "Rochester NY USA"]
[Date "2001.09.03"]
[Round "6"]
[White "Tapaszto,L"]
[Black "Cadman,C"]
[Result "0-1"]
[WhiteElo "2254"]
[BlackElo "2194"]

1.d4 Nf6 2.Bg5 e6 3.e4 h6 4.Bxf6 Qxf6 5.Nc3 d6 6.Qd2 Nd7 7.O-O-O Qd8 8.f4 Be7
9.Nf3 a6 10.g4 b5 11.Rg1 Bb7 12.Qe1 c5 13.d5 Qa5 14.Nd2 O-O-O 15.Kb1 Rhe8
16.dxe6 fxe6 17.Bg2 Qc7 18.a3 Nb6 19.Nb3 d5 20.e5 d4 21.Bxb7+ Kxb7 22.Qe4+ Ka7
23.Ne2 Nd5 24.Rg3 Ne3 25.Rc1 Nd5 26.c4 dxc3 27.Nxc3 c4 28.Nd4 Qb6 29.Nce2 Bc5
30.g5 Ne7 31.Rd1 Rd5 32.gxh6 gxh6 33.Rg7 Kb8 34.Qh7 Nf5 35.Rg8 Rc8 36.Rxc8+ Kxc8
37.Qg8+ Rd8 38.Qf7 Nxd4 39.Nc3 Rd7 40.Qe8+ Qd8 41.Qxd8+ Rxd8 42.Ne4 Nb3 43.Rxd8+ Kxd8
44.Ng3 Bg1 45.h3 Bh2 46.Ne2 Nc5 47.Kc2 Nd3 48.b3 Nxf4 49.Nd4 cxb3+ 50.Kxb3 Kd7
51.a4 Nxh3 52.axb5 axb5 53.Kb4 Bxe5 54.Nf3 Bg3 55.Kxb5 Ng5  0-1

[Event "5th Pablo Gorbea Mem Open"]
[Site "Madrid ESP"]
[Date "2001.09.13"]
[Round "7"]
[White "Ballesteros,D"]
[Black "Paredes,J"]
[Result "1-0"]
[WhiteElo "2285"]
[BlackElo "2052"]

1.d4 Nf6 2.Bg5 e6 3.e4 c5 4.d5 Qb6 5.Nd2 exd5 6.exd5 Nxd5 7.Bc4 Be7 8.Bxd5 Bxg5
9.Nc4 Qf6 10.h4 Qe7+ 11.Kf1 Bh6 12.g4 O-O 13.g5 Bxg5 14.hxg5 Qxg5 15.Nf3 Qf6
16.Qd3 g6 17.Nd6 Nc6 18.c3 b6 19.Ne4 Qf5 20.Re1 Bb7 21.Qd2 h5 22.Nh4 Qe5
23.Nxg6  1-0

[Event "TCh-CRO"]
[Site "Pula CRO"]
[Date "2001.09.18"]
[Round "9"]
[White "Kovacevic,B"]
[Black "Radocaj,D"]
[Result "0-1"]
[WhiteElo "2443"]
[BlackElo "2359"]

1.d4 Nf6 2.Bg5 e6 3.e3 h6 4.Bh4 b6 5.Nf3 Bb7 6.Nbd2 Be7 7.Bd3 g5 8.Bg3 g4
9.Ne5 h5 10.f3 d6 11.Nec4 h4 12.Bf2 gxf3 13.gxf3 c5 14.c3 Nc6 15.a4 Qc7 16.Qe2 cxd4
17.exd4 Nh5 18.Be3 Nf6 19.a5 Rg8 20.a6 Bc8 21.Na3 Nd5 22.Nb5 Qd8 23.Be4 f5
24.Bxd5 exd5 25.Bf4 Kd7 26.Kd1 Rg6 27.Re1 Qg8 28.b4 Rg2 29.Qe3 Qf7 30.Kc2 Nb8
31.Nc7 Kxc7 32.Qxe7+ Qxe7 33.Rxe7+ Kc6 34.b5+ Kxb5 35.Re8 Nxa6 36.Bxd6 Kc6
37.Bf4 Nc7 38.Re7 Ne6 39.Be5 Bd7 40.Re1 Re8 41.Rxe8 Bxe8 42.Kc1 Bh5 43.Bb8 Ng5
44.Re7 Nxf3 45.Nxf3 Bxf3 46.Rxa7 Kb5 47.Rb7 h3 48.Be5 Kc4 49.Rxb6 Kxc3 50.Rc6+ Kd3
51.Rh6 Bg4 52.Rh8 Ke3 53.Re8 Ke4 54.Re7 Kd3 55.Rh7 Rc2+ 56.Kb1 Rf2 57.Rf7 Ke3
58.Re7 f4 59.Bc7+ Kd3 60.Rf7 f3 61.Rf4 Rg2  0-1

[Event "Chigorin Mem Open"]
[Site "St Petersburg RUS"]
[Date "2001.10.01"]
[Round "7"]
[White "Moiseenko,A"]
[Black "Khruschiov,A"]
[Result "1-0"]
[WhiteElo "2569"]
[BlackElo "2402"]

1.d4 Nf6 2.Bg5 e6 3.Nf3 h6 4.Bh4 g5 5.Bg3 Ne4 6.Nbd2 Nxg3 7.hxg3 Bg7 8.e3 d6
9.Bd3 Nc6 10.c3 Bd7 11.Qb3 a5 12.g4 a4 13.Qc2 h5 14.gxh5 g4 15.Ng1 Ra5 16.O-O-O Raxh5
17.Rxh5 Rxh5 18.Ne2 Rh2 19.Rg1 Na5 20.Nf1 Rh8 21.Nfg3 Rh2 22.Nf4 Qg5 23.Kb1 Ke7
24.Qd1 b5 25.Rh1 Rxh1 26.Qxh1 Qh6 27.Nfh5 Bf6 28.Qf1 c6 29.Qh1 Bg5 30.Ne4 f5
31.Nxg5 Qxg5 32.Ng3 Kf7 33.Qh8 Nb7 34.Qb8 Nd8 35.Qxd6 Ke8 36.Kc2 Nf7 37.Qb8+ Ke7
38.b3 axb3+ 39.axb3 Qh4 40.c4 bxc4 41.bxc4 Nd6 42.c5 Ne8 43.Kb3 Nf6 44.Bc4 Qh7
45.Qf4 Ke8 46.Kb2 Qh2 47.Qe5 Qxg2 48.Bxe6 Qxf2+ 49.Ka3 Qe1 50.Nxf5  1-0

[Event "Chigorin Mem Open"]
[Site "St Petersburg RUS"]
[Date "2001.10.03"]
[Round "9"]
[White "Stjazhkina,O"]
[Black "Khruschiov,A"]
[Result "1/2-1/2"]
[WhiteElo "2310"]
[BlackElo "2402"]

1.d4 Nf6 2.Bg5 e6 3.Nf3 h6 4.Bh4 Nc6 5.h3 b6 6.Nbd2 Bd6 7.Nc4 Be7 8.e3 Bb7
9.c3 Ne4 10.Bxe7 Nxe7 11.Ncd2 O-O 12.Nxe4 Bxe4 13.Bd3 Bxd3  1/2-1/2

[Event "Chigorin Mem Open"]
[Site "St Petersburg RUS"]
[Date "2001.10.03"]
[Round "9"]
[White "Chepukaitis,G"]
[Black "Kalinina,V"]
[Result "1-0"]
[WhiteElo "2404"]
[BlackElo "2271"]

1.d4 Nf6 2.Bg5 e6 3.Nd2 Be7 4.e3 d6 5.Ngf3 Nbd7 6.a4 a5 7.c3 b6 8.Bb5 Bb7
9.Bxf6 Bxf6 10.Qe2 O-O 11.h4 e5 12.O-O-O e4 13.Ng5 d5 14.Qh5 h6 15.f3 c6
16.Be2 Bxd4 17.Nxf7 Rxf7 18.exd4 c5 19.dxc5 e3 20.Nb3 bxc5 21.Rxd5 Bxd5 22.Qxd5 Nb6
23.Qxd8+ Rxd8 24.Nxc5 Rc8 25.Ne4 Nxa4 26.Nd6 Nxc3 27.bxc3 Rxc3+ 28.Kb2 Rfc7
29.Bd1 R3c6 30.Ne4 Kh8 31.Bb3 Rb6 32.Ka2 Rd7 33.Re1 a4 34.Bxa4 Ra7 35.Ka3 Rba6
36.Nc3 Re6 37.Kb4 Rb7+ 38.Bb5 Re5 39.f4 Ree7 40.h5 Re6 41.g3 Ree7 42.Kc5 Rbc7+
43.Kd4 Rc8 44.Nd5 Rd8 45.Bc4 e2 46.Rxe2 Rxe2 47.Bxe2 Ra8 48.g4 Ra2 49.Bd3 Rd2
50.Ne7 Rd1 51.Ke3 Rg1 52.Kf3 Rd1 53.Be2 Rg1 54.f5 Rc1 55.Kf4 Re1 56.Ke3 Rg1
57.Nd5 Ra1 58.Kf4 Re1 59.Bf3 Rf1 60.Nc3 Rf2 61.Nb5 Rf1 62.Nd4 Re1 63.Be4 Rg1
64.Nf3 Rg2 65.Bd5 Rf2 66.Bc4 Kh7 67.Ke4 Rg2 68.Ne5 Rg1 69.Kd5 Rg2 70.Ke6 Rf2
71.Kf7 Rb2 72.Be6 Rb5 73.Nd7 Ra5 74.f6 gxf6 75.Bf5+ Kh8 76.Kg6 Ra8 77.Kxh6 Rg8
78.Nc5 Rg7 79.Ne6 Rb7 80.Kg6 Ra7 81.Kxf6 Rf7+ 82.Ke5 Ra7 83.g5 Rb7 84.Be4 Ra7
85.h6 Rd7 86.g6 Rh7 87.Ng5 Rd7 88.g7+ Rxg7 89.hxg7+ Kxg7 90.Bd5 Kg6 91.Nf7 Kg7
92.Kf5 Kh7 93.Kf6 Kg8 94.Be4 Kf8 95.Bh7 Ke8 96.Ne5 Kf8 97.Nd7+ Ke8 98.Ke6  1-0

[Event "FSGM October"]
[Site "Budapest HUN"]
[Date "2001.10.06"]
[Round "1"]
[White "Kosanovic,G"]
[Black "Koneru,H"]
[Result "1/2-1/2"]
[WhiteElo "2442"]
[BlackElo "2484"]

1.d4 Nf6 2.Bg5 e6 3.e4 h6 4.Bxf6 Qxf6 5.Nc3 Bb4 6.Qd2 d5 7.e5 Qe7 8.a3 Bxc3
9.Qxc3 b6 10.h4 c5 11.Qg3 Kf8 12.Nf3 Ba6 13.Bxa6 Nxa6 14.c3 Rc8 15.h5 Rg8
16.Qf4 Nb8 17.b4 Nd7 18.bxc5 bxc5 19.O-O g5 20.hxg6 Rxg6 21.g3 Kg7 22.Kg2 Nb6
23.a4 Nc4 24.Rab1 cxd4 25.cxd4 Rc7 26.Rh1 Nb6 27.Rh5 Rc8 28.a5 Nc4 29.a6 Nb6
30.Rbh1 Rh8 31.R1h4 Nd7 32.Qc1 Nb8 33.Nh2 Qd7 34.Ng4 Nc6 35.Qf4 Qe7 36.Rxh6 Rhxh6
37.Nxh6 Nxd4 38.Ng4 Nf5 39.Rh5 Qd8 40.Nf6 Nh6 41.g4 d4 42.g5 Ng8 43.Kh2 Kf8
44.Rh4 Qc7 45.Qxd4 Nxf6 46.gxf6 Rxf6 47.Qe4 Rxf2+ 48.Kg3 Rc2 49.Qb4+ Qc5
50.Qb8+ Ke7 51.Qb7+ Kf8 52.Qb8+ Ke7 53.Qb7+ Kf8  1/2-1/2

[Event "FSIMB October"]
[Site "Budapest HUN"]
[Date "2001.10.06"]
[Round "1"]
[White "Reiss,T"]
[Black "Tian Tian"]
[Result "0-1"]
[WhiteElo "2269"]
[BlackElo "2355"]

1.d4 Nf6 2.Bg5 e6 3.e4 h6 4.Bxf6 Qxf6 5.Nc3 Bb4 6.Nf3 d5 7.e5 Qe7 8.a3 Bxc3+
9.bxc3 c5 10.Bd3 Nc6 11.O-O Bd7 12.Qd2 Rc8 13.Qe3 a6 14.Rfb1 Na5 15.Rb6 Ba4
16.Rb2 O-O 17.Nd2 Rc7 18.c4 dxc4 19.Nxc4 Nxc4 20.Bxc4 cxd4 21.Qxd4 Rd8 22.Qe4 Bc6
23.Qf4 g5 24.Qg4 Qc5 25.Qe2 Bxg2 26.Kxg2 Qxc4 27.Qxc4 Rxc4 28.Rxb7 Rxc2 29.Ra7 Rdd2
30.Rf1 Rd5 31.Re1 Rdd2 32.Rf1 Re2 33.Rxa6 Rxe5 34.Ra4 Ra2 35.Kg3 Rc5 36.h4 Kg7
37.hxg5 hxg5 38.f4 Kg6 39.Rf3 gxf4+ 40.Raxf4 Rg5+ 41.Rg4 f5  0-1

[Event "TCh-RUS Siberian Zone"]
[Site "Omsk RUS"]
[Date "2001.10.06"]
[Round "2"]
[White "Selin,V"]
[Black "Nevostrujev,V"]
[Result "1-0"]
[WhiteElo "2178"]
[BlackElo "2492"]

1.d4 Nf6 2.Bg5 e6 3.c3 d5 4.e3 c5 5.Nd2 Be7 6.Bd3 O-O 7.Ngf3 b6 8.Qe2 Bb7
9.dxc5 Bxc5 10.e4 h6 11.Bh4 Be7 12.e5 Nfd7 13.Bxe7 Qxe7 14.O-O Nc5 15.Bb5 a6
16.Bd3 Nxd3 17.Qxd3 a5 18.Rfe1 Nd7 19.Nd4 Qg5 20.N2f3 Qh5 21.Re3 Ba6 22.Qc2 Nc5
23.Nd2 Rac8 24.Rae1 Qg6 25.Qxg6 fxg6 26.b4 axb4 27.cxb4 Nd3 28.Rb1 Nf4 29.b5 Bb7
30.f3 g5 31.g3 Ng6 32.Nxe6 Rfe8 33.Nd4 Rxe5 34.Rbe1 Rxe3 35.Rxe3 Ra8 36.a3 Nf8
37.Nf5 Rd8 38.Re7 Bc8 39.Nxg7 Bd7 40.Nh5 Bxb5 41.Nf6+ Kh8 42.Rb7 Rd6 43.Rf7 Rd8
44.f4 Bd3 45.fxg5 Bg6 46.Rb7 hxg5 47.Rxb6 Ra8 48.Rb3 d4 49.Nde4 Nd7 50.Nxd7 Bxe4
51.Rb8+ Rxb8 52.Nxb8 Kg7 53.Kf2 Kf6 54.Nd7+ Kf5 55.Nc5 Bd5 56.h3 Ke5 57.a4 Kd6
58.Nd3 Bc4 59.Ne1 Kc5 60.Nf3 Bd5 61.a5 Kc4 62.a6 Kc3 63.Ne5 d3 64.Ng4 Kd4
65.a7 Bc6 66.h4 d2 67.Ne3 gxh4 68.gxh4 Ke5 69.Ke2 Kf6 70.Kxd2 Kg6 71.Kc3 Kh5
72.Kd4 Kxh4 73.Kc5 Ba8 74.Kb6 Kg5 75.Kc7 Kf6 76.Kb8 Bh1 77.Nc4 Ke7 78.Na5  1-0

[Event "FSGM October"]
[Site "Budapest HUN"]
[Date "2001.10.11"]
[Round "6"]
[White "Kosanovic,G"]
[Black "Biro,S"]
[Result "1/2-1/2"]
[WhiteElo "2442"]
[BlackElo "2360"]

1.d4 Nf6 2.Bg5 e6 3.e4 h6 4.Bxf6 Qxf6 5.Nc3 d6 6.Qd2 Nd7 7.f4 Qd8 8.Nf3 a6
9.Bd3 c5 10.d5 e5 11.fxe5 Nxe5 12.Nxe5 dxe5 13.a4 Bd6 14.O-O O-O 15.Kh1 Qh4
16.Qf2 Qxf2 17.Rxf2 b6 18.Rff1 Bd7 19.b3 f6 20.Nd1 b5 21.axb5  1/2-1/2

[Event "TCh-CZE 2001-2"]
[Site "CZE"]
[Date "2001.10.20"]
[Round "1"]
[White "Lipka,J"]
[Black "Stohl,I"]
[Result "0-1"]
[WhiteElo "2414"]
[BlackElo "2539"]

1.d4 Nf6 2.Bg5 e6 3.Nd2 h6 4.Bh4 c5 5.e3 cxd4 6.exd4 Be7 7.Ngf3 b6 8.Bd3 Ba6
9.Bxf6 Bxf6 10.Ne4 O-O 11.O-O Bxd3 12.Qxd3 Nc6 13.d5 Bxb2 14.dxc6 Bxa1 15.Rxa1 dxc6
16.Qe2 Qc7 17.c4 Rad8 18.g3 Rfe8 19.c5 Rd5 20.cxb6 axb6 21.Nc3 Rc5 22.Ne4 Ra5
23.Ned2 Rea8 24.Nb3 Ra3 25.Nfd4 Qd7 26.Rd1 Rxa2 27.Qe1 c5 28.Ne2 Qb7  0-1

[Event "5th Itau Cup"]
[Site "Sao Paulo BRA"]
[Date "2001.10.21"]
[Round "9"]
[White "Soppe,G"]
[Black "Matsuura,E"]
[Result "1/2-1/2"]
[WhiteElo "2466"]
[BlackElo "2421"]

1.d4 Nf6 2.Bg5 e6 3.e3 c5 4.Nd2 Be7 5.c3 b6 6.Ngf3 Bb7 7.Bd3 O-O 8.O-O cxd4
9.exd4 d6 10.Re1 Nbd7 11.a4 Nd5 12.Bxe7 Qxe7 13.a5 N7f6 14.Bf1 Qc7 15.a6 Bc6
16.c4 Ne7 17.b4 Rab8 18.Rc1 Qd7 19.b5 Ba8 20.Nb3 Rbc8 21.h3 Ng6 22.Qd3 Rfe8
23.Red1 Qe7 24.Qe3 Rc7 25.Re1  1/2-1/2

[Event "27th Open"]
[Site "Guernsey GCI"]
[Date "2001.10.22"]
[Round "2"]
[White "Deva,C"]
[Black "Dennis,N"]
[Result "1-0"]
[WhiteElo "2075"]
[BlackElo "2070"]

1.d4 Nf6 2.Bg5 e6 3.e4 Be7 4.Bd3 c5 5.c3 cxd4 6.cxd4 Qa5+ 7.Bd2 Qb6 8.Ne2 Nc6
9.Nbc3 Nxd4 10.Na4 Qd6 11.e5 Qxe5 12.Bc3 Qd5 13.Bxd4 Qxg2 14.Rg1 Qxh2 15.Rxg7 Kf8
16.Rg1 e5 17.Be3 d5 18.Qd2 Ng4 19.O-O-O Nxe3 20.fxe3 Qh4 21.Nac3 d4 22.exd4 exd4
23.Nd5 Be6 24.Nxe7 Qxe7 25.Qh6+ Ke8 26.Bb5+ Bd7 27.Bxd7+ Qxd7 28.Nxd4 f5
29.Qf6 Qc7+ 30.Kb1 Rf8 31.Rge1+ Kd7 32.Re7+  1-0

[Event "WYB14"]
[Site "Oropesa del Mar ESP"]
[Date "2001.10.22"]
[Round "2"]
[White "Barbaroux,Y"]
[Black "Batchuluun,C"]
[Result "1/2-1/2"]
[WhiteElo "2122"]
[BlackElo "2289"]

1.d4 Nf6 2.Bg5 e6 3.Nf3 Be7 4.e3 O-O 5.Nbd2 d5 6.Bd3 Nbd7 7.O-O h6 8.Bh4 c5
9.c3 b6 10.Qe2 Bb7 11.e4 dxe4 12.Nxe4 cxd4 13.Nxf6+ Bxf6 14.Bxf6 Nxf6 15.Nxd4 Qd5
16.f4 Rfd8 17.Ba6 Bxa6 18.Qxa6 Rd7 19.Qe2 Rad8 20.Rfe1 Qb7 21.Qf3 Qxf3 22.Nxf3 a6
23.Kf2 Kf8 24.Ke2 b5 25.Rad1 Nd5 26.g3 Rc7 27.Rd4 g6 28.Red1 Rdc8 29.Nd2 Ke7
30.Nb3 Rc4 31.Na5 Rxd4 32.Rxd4 h5 33.Kd2 Rc7 34.c4 bxc4 35.Rxc4 Rd7 36.Ke2 Rd6
37.Rc6 h4  1/2-1/2

[Event "WYB14"]
[Site "Oropesa del Mar ESP"]
[Date "2001.10.22"]
[Round "2"]
[White "Bordi,K"]
[Black "Predojevic,B"]
[Result "1/2-1/2"]
[WhiteElo "2142"]
[BlackElo "2352"]

1.d4 Nf6 2.Bg5 e6 3.e4 c5 4.d5 h6 5.Bxf6 Qxf6 6.Nc3 a6 7.a4 e5 8.Be2 d6 9.Bg4 Nd7
10.Nge2 g6 11.a5 Qd8 12.Qd2 h5 13.Bxd7+ Bxd7 14.Na4 Bh6 15.Qc3 Bb5 16.Nb6 Rb8
17.Qg3 O-O 18.c4 Be8 19.O-O Kh7 20.Qc3 f5 21.f3 h4 22.h3 Qf6 23.Qd3 Rd8 24.Nc3 Bf4
25.Ne2 Bh6 26.Rab1 Qg5 27.Kh1 Qd2 28.Qxd2 Bxd2 29.Nc3 fxe4 30.fxe4 Rxf1+
31.Rxf1 Kg7 32.Rf2 Be3 33.Rf3 Bd4 34.g4 g5 35.Kg2 Bg6 36.Nba4 Rb8 37.Rf1 Bxc3
38.Nxc3 b6 39.axb6 Rxb6 40.Rb1 Rb4 41.b3 a5 42.Kf3 Be8 43.Na2 Rb6 44.Nc3 Kf6
45.Ke3 Ke7 46.Kd3 a4 47.bxa4 Rxb1 48.Nxb1 Bxa4 49.Nd2 Bd1 50.Ke3 Bc2 51.Nf3 Kf6
52.Ne1 Bb1 53.Nd3 Ba2 54.Nb2  1/2-1/2

[Event "27th Open"]
[Site "Guernsey GCI"]
[Date "2001.10.27"]
[Round "7"]
[White "Rowe,P"]
[Black "Westerkamp,B"]
[Result "1/2-1/2"]
[WhiteElo "2083"]
[BlackElo "2139"]

1.d4 Nf6 2.Bg5 e6 3.Nf3 d5 4.e3 c6 5.c3 Be7 6.Bd3 Nbd7 7.Nbd2 h6 8.Bh4 Qc7
9.Bg3 Bd6 10.Bxd6 Qxd6 11.O-O O-O 12.Re1 e5 13.e4 dxe4 14.Bxe4 exd4 15.Nc4 Qc5
16.Qxd4 Qxd4 17.Nxd4 Nc5 18.Bf5 Bxf5 19.Nxf5 Nd5 20.Ne7+  1/2-1/2

[Event "WYB16"]
[Site "Oropesa del Mar ESP"]
[Date "2001.10.30"]
[Round "9"]
[White "Pixton,A"]
[Black "Zhao Zong Yuan"]
[Result "1/2-1/2"]
[WhiteElo "2351"]
[BlackElo "2387"]

1.d4 Nf6 2.Bg5 e6 3.e4 h6 4.Bxf6 Qxf6 5.c3 c5 6.Nf3 Nc6 7.d5 Ne5 8.Be2 Nxf3+
9.Bxf3 e5 10.Nd2 Be7 11.a4 O-O 12.O-O Qg6 13.Bg4 d6 14.h3 f5 15.exf5 Bxf5
16.Re1 Bh4 17.Nf3 Be7 18.Bxf5 Rxf5 19.Re4 Raf8 20.Rg4 Qf7 21.Qd3 Rf4 22.Rxf4 Qxf4
23.Qe2 Bg5 24.Nxg5 Qxg5 25.g3  1/2-1/2

[Event "Jonsson Mem Open"]
[Site "Reykjavik ISL"]
[Date "2001.10.30"]
[Round "7"]
[White "Thorfinnsson,Bj"]
[Black "Arngrimsson,D"]
[Result "1-0"]
[WhiteElo "2248"]
[BlackElo "2060"]

1.d4 Nf6 2.Bg5 e6 3.e3 c5 4.c3 cxd4 5.exd4 Be7 6.Bd3 b6 7.Nf3 Bb7 8.Nbd2 O-O
9.Qc2 h6 10.Bxf6 Bxf6 11.g4 Bg5 12.Bh7+ Kh8 13.Be4 Nc6 14.Ne5 Rc8 15.Ndf3 Qf6
16.Nxc6 d5 17.Nxg5 dxe4 18.Ne5 Qxg5 19.Qe2 Qf4 20.h4 g6 21.Qe3 Qxe3+ 22.fxe3 Kg7
23.g5 Rc7 24.Kd2 Rfc8 25.Raf1 h5 26.c4 Rd8 27.Rh2 b5 28.Rhf2 Rf8 29.Rf6 Rxc4
30.Rxf7+  1-0

[Event "FSIM November"]
[Site "Budapest HUN"]
[Date "2001.11.03"]
[Round "1"]
[White "Mensch,E"]
[Black "Blasko,I"]
[Result "1/2-1/2"]
[WhiteElo "2299"]
[BlackElo "2310"]

1.d4 Nf6 2.Bg5 e6 3.e3 c5 4.Nd2 cxd4 5.exd4 Be7 6.Ngf3 d6 7.Bd3 Nbd7 8.O-O O-O
9.Re1 b6 10.a4 Bb7 11.c3 Re8 12.Bf4 Nf8 13.h3 Ng6 14.Bh2 Qc7 15.Ng5 Bc6 16.Qc2 Nd5
17.Ngf3 Rac8 18.Ba6 Bb7 19.Bxb7 Qxb7 20.Qe4 Qc6 21.Nf1 a6 22.Ne3 Nxe3 23.Qxc6 Rxc6
24.fxe3 d5 25.e4 dxe4 26.Rxe4 Rd8  1/2-1/2

[Event "TCh-BEL 2001-2"]
[Site "Belgium BEL"]
[Date "2001.11.25"]
[Round "3"]
[White "Israel,G"]
[Black "Van Leent,D"]
[Result "1-0"]
[WhiteElo "2093"]
[BlackElo "2070"]

1.d4 Nf6 2.Bg5 e6 3.Nd2 d5 4.e3 Be7 5.Bd3 Nbd7 6.f4 c5 7.c3 b6 8.Nh3 Bb7
9.O-O a5 10.Qe2 h6 11.Bxf6 Nxf6 12.Nf3 Qc8 13.Ne5 O-O 14.Rf3 Ba6 15.Nf2 Bxd3
16.Nfxd3 c4 17.Nf2 b5 18.g4 Nh7 19.Rh3 f6 20.Ng6 Re8 21.e4 Kf7 22.exd5 exd5
23.Nxe7 Rxe7 24.Re3 Rxe3 25.Qxe3 Qd7 26.Re1 Nf8 27.f5 b4 28.Nh3 g5 29.fxg6+ Nxg6
30.Qf3 Rg8 31.Rf1 Qd6 32.g5 hxg5 33.Nxg5+ Kg7 34.Nh3 Rh8 35.Kh1 bxc3 36.bxc3 Kf7
37.Qf5 Nh4 38.Ng5+ Kg7 39.Ne6+ Kg8 40.Qg4+ Kf7 41.Qg7+  1-0

[Event "TCh-BEL 2001-2"]
[Site "Belgium BEL"]
[Date "2001.11.25"]
[Round "3"]
[White "Winants,L"]
[Black "Kohlweyer,B"]
[Result "1/2-1/2"]
[WhiteElo "2497"]
[BlackElo "2453"]

1.d4 Nf6 2.Bg5 e6 3.e3 h6 4.Bh4 c5 5.Nf3 b6 6.c4 d6 7.Nc3 g5 8.Bg3 Nh5 9.Bd3 Bb7
10.O-O Bg7 11.Qe2 Nxg3 12.hxg3 Nc6 13.d5 Ne7 14.dxe6 fxe6 15.Nd2 O-O 16.Bc2 d5
17.Rad1 Rf7 18.Nf3 Qc7 19.Nh2 d4 20.exd4 cxd4 21.Ne4 Rd8 22.Bd3 Nc6 23.Nf3 Rdf8
24.Ned2 Nb4 25.Bg6 Rf6 26.Bb1 Nc6 27.Be4 g4 28.Nh4 h5 29.Ng6 Rd8 30.Nf4 d3
31.Bxd3 Nd4 32.Qe3 Rh6 33.Be4 Bc8 34.Bb1 Qc5 35.a3 e5 36.Nd5 Be6 37.b4 Qf8
38.Ne4 Kh8 39.Ba2 b5 40.Nec3 bxc4 41.Bxc4 Qf7 42.Qe4 Bf5 43.Ne3 Qxc4 44.Nxf5 Qxc3
45.Nxh6 Bxh6 46.Qxe5+ Kg8 47.Qxh5 Bd2 48.Qxg4+ Kf7 49.Qh5+ Ke6 50.Kh1 Rd5
51.Qe8+ Kd6 52.Rfe1 Bxe1 53.Rxe1 Nc6 54.f4 Kc7 55.Qe3 Rd3 56.Qe4 Kb6 57.g4 Rd4
58.Qe3 Qxe3 59.Rxe3 Rxf4 60.Rg3 Ne5  1/2-1/2

[Event "ch-Balkan"]
[Site "Istanbul TUR"]
[Date "2001.11.25"]
[Round "9"]
[White "Miladinovic,I"]
[Black "Erdogan,H"]
[Result "1-0"]
[WhiteElo "2495"]
[BlackElo "2292"]

1.d4 Nf6 2.Bg5 e6 3.e3 c5 4.c3 Be7 5.Nd2 b6 6.Ngf3 Bb7 7.Bd3 d6 8.Bxf6 gxf6
9.Qe2 Nd7 10.e4 Qc7 11.a4 Rg8 12.O-O a6 13.Rfe1 Kf8 14.Nf1 Kg7 15.Ng3 Kh8
16.Rad1 Nf8 17.Qe3 c4 18.Bc2 Ng6 19.b4 cxb3 20.Bxb3 Rac8 21.Rc1 Bf8 22.Kh1 Qd8
23.Nh5 Be7 24.d5 e5 25.Ng3 Rc5 26.Nf5 Bc8 27.g3 Bd7 28.Nd2 Qc8 29.Nh6 Rg7
30.Qf3 Nf8 31.Nf1 Rg6 32.Nf5 Bxf5 33.exf5 Rg5 34.h4 Rxf5 35.Qe2 e4 36.Kg2 Rxc3
37.Qd2 Rff3 38.Ne3 Rc5 39.Rxc5 bxc5 40.Bd1 Ng6 41.Bxf3 exf3+ 42.Kxf3 Qh3
43.Ke2 Ne5 44.Qc2 Qd7 45.f4 Ng6 46.h5 Nf8 47.Kf3 Bd8 48.Nf5 c4 49.g4 Qc7
50.Re4 c3 51.Ne3 Qa5 52.Rc4 Nd7 53.Qxc3 Qxc3 54.Rxc3 Nc5 55.Nf5 Bc7 56.Re3 h6
57.Re8+ Kh7 58.Re7 Ba5 59.Rxf7+ Kh8 60.Rxf6 Nxa4 61.g5  1-0

[Event "FSIMA December"]
[Site "Budapest HUN"]
[Date "2001.12.11"]
[Round "11"]
[White "Paci,C"]
[Black "Mensch,E"]
[Result "0-1"]
[WhiteElo "2256"]
[BlackElo "2299"]

1.d4 Nf6 2.Bg5 e6 3.e4 h6 4.Bxf6 Qxf6 5.Nc3 d6 6.Qd2 a6 7.f4 Qd8 8.Nf3 b5
9.Bd3 Bb7 10.O-O-O Be7 11.Kb1 Nd7 12.Rhe1 c5 13.dxc5 Nxc5 14.Qe3 Qc7 15.Nd4 O-O-O
16.g3 Kb8 17.h4 Rc8 18.h5 Rhd8 19.Nb3 Nd7 20.a4 b4 21.Na2 d5 22.e5 Nb6 23.Qd4 a5
24.f5 Nxa4 25.fxe6 fxe6 26.Qg4 Nc5 27.Nd4 Bf8 28.Nxe6 Nxe6 29.Qxe6 d4 30.Nc1 a4
31.Bg6 d3 32.Nxd3 Qxc2+ 33.Ka1 a3 34.Rc1 axb2+ 35.Nxb2 Qxc1+ 36.Rxc1 Rxc1+
37.Bb1 Rc6 38.Qg4 Ra6+ 39.Ba2 b3 40.e6 Rxa2+ 41.Kb1 Be7 42.Qf4+ Ka8 43.Qe5 Rxb2+  0-1

[Event "TSGM December"]
[Site "Belgrade YUG"]
[Date "2001.12.19"]
[Round "5"]
[White "Nikcevic,N"]
[Black "Popchev,M"]
[Result "1/2-1/2"]
[WhiteElo "2462"]
[BlackElo "2452"]

1.d4 Nf6 2.Bg5 e6 3.Nf3 h6 4.Bh4 c5 5.e3 Nc6 6.Nbd2 d5 7.c3 Be7 8.Bd3 b6
9.O-O Bb7 10.Qe2 O-O  1/2-1/2

[Event "Christmas Open"]
[Site "Zadar CRO"]
[Date "2001.12.20"]
[Round "6"]
[White "Kovacevic,B"]
[Black "Cvitan,O"]
[Result "1/2-1/2"]
[WhiteElo "2434"]
[BlackElo "2550"]

1.d4 Nf6 2.Bg5 e6 3.e4 h6 4.Bxf6 Qxf6 5.Nc3 d6 6.Qd2 c6 7.O-O-O e5 8.g3 Be7
9.f4 exd4 10.Qxd4 Qxd4 11.Rxd4 Nd7 12.Bh3 O-O 13.Nf3 Re8 14.Rdd1  1/2-1/2

[Event "10th Open"]
[Site "Aschach AUT"]
[Date "2001.12.27"]
[Round "3"]
[White "Hertneck,G"]
[Black "Rogulj,B"]
[Result "1/2-1/2"]
[WhiteElo "2570"]
[BlackElo "2456"]

1.d4 Nf6 2.Bg5 e6 3.Nd2 d5 4.e3 c5 5.c3 Nc6 6.f4 cxd4 7.exd4 h6 8.Bh4 Bd6
9.Nh3 Qb6 10.Qb3 Qc7 11.Bxf6 gxf6 12.g3 Bd7  1/2-1/2

[Event "Corus Tens"]
[Site "Wijk aan Zee NED"]
[Date "2002.01.18"]
[Round "1"]
[White "Rogers,I"]
[Black "Arakhamia,K"]
[Result "1-0"]
[WhiteElo "2555"]
[BlackElo "2410"]

1.d4 Nf6 2.Bg5 e6 3.e4 h6 4.Bxf6 Qxf6 5.c3 d6 6.Bd3 Nd7 7.Ne2 g6 8.O-O Bg7
9.f4 Qe7 10.Nd2 O-O 11.e5 a5 12.Qe1 b6 13.Qg3 Ba6 14.Bxa6 Rxa6 15.h4 h5 16.Ne4 Raa8
17.Rae1 d5 18.Ng5 Bh6 19.f5 Bxg5 20.hxg5 exf5 21.Nf4 c6 22.e6 Rfe8 23.exd7 Qxd7
24.Re5 Rxe5 25.dxe5 Re8 26.e6 Qd6 27.Qf2 c5 28.Qf3 d4 29.exf7+ Kxf7 30.Qd3 Re3
31.Qc4+ Kg7 32.cxd4 cxd4 33.Nd5 Re4 34.Nf6 Re6 35.Qc8  1-0

[Event "18th Open"]
[Site "Skopje MKD"]
[Date "2002.01.19"]
[Round "5"]
[White "Skembris,S"]
[Black "Stamenkov,V"]
[Result "1-0"]
[WhiteElo "2464"]
[BlackElo "2417"]

1.d4 Nf6 2.Bg5 e6 3.e4 h6 4.Bxf6 Qxf6 5.Nf3 d6 6.Nc3 a6 7.Bd3 Qd8 8.Qe2 Nd7
9.e5 dxe5 10.Nxe5 Bb4 11.O-O Bxc3 12.bxc3 Nxe5 13.Qxe5 O-O 14.c4 Qd6 15.Qxd6 cxd6
16.Rfb1 Rd8 17.Rb6 Kf8 18.f4 Ke7 19.Rab1 Ra7 20.Kf2 Kd7 21.Be4 Kc7 22.Ke3 d5
23.cxd5 exd5 24.Bf3 Bf5 25.Kd2 Rd6 26.Rxd6 Kxd6 27.Rb6+ Kc7 28.Rb3 Be6 29.f5 Bxf5
30.Bxd5 f6 31.c4 b6 32.c5 bxc5 33.dxc5 Bc8 34.Kd3 Kd8 35.Kd4 Re7 36.Rb8 Re1
37.Bf3 f5 38.Ra8 Re7 39.Bd5 g5 40.c6 Kc7 41.Ra7+ Kd6 42.Rxe7 Kxe7 43.Ke5 f4
44.Bf3 a5 45.h3 Ba6 46.Bg4 h5 47.Bxh5 Bb5 48.c7 Bd7 49.Bg4 Bxg4 50.hxg4 Kd7
51.Kf5  1-0

[Event "Rapid"]
[Site "Aubervilliers FRA"]
[Date "2002.01.27"]
[Round "9"]
[White "Kazhgaleyev,M"]
[Black "Akopian,V"]
[Result "0-1"]
[WhiteElo "2561"]
[BlackElo "2680"]

1.d4 Nf6 2.Bg5 e6 3.e4 h6 4.Bxf6 Qxf6 5.Nc3 Bb4 6.Qd2 d5 7.e5 Qd8 8.a3 Be7
9.f4 c5 10.dxc5 Bxc5 11.Nf3 Nc6 12.h4 a6 13.Rd1 b5 14.b4 Be7 15.Bd3 Qb6 16.Ne2 Bd7
17.c3 a5 18.h5 axb4 19.axb4 Ra3 20.Bb1 f5 21.Rg1 O-O 22.g4 fxg4 23.Rxg4 Be8
24.Bg6 Bxg6 25.Rxg6 Nxb4 26.Ned4 Ra2 27.Qc1 Nc6 28.Qb1 Nxd4 29.Rxd4 Rfa8
30.Rxg7+ Kxg7 31.Qg6+ Kf8 32.f5 Qc5 33.Rd2 Qe3+  0-1

[Event "Aeroflot Open"]
[Site "Moscow RUS"]
[Date "2002.02.09"]
[Round "8"]
[White "Mikhalevski,V"]
[Black "Sandipan,C"]
[Result "1-0"]
[WhiteElo "2531"]
[BlackElo "2452"]

1.d4 Nf6 2.Bg5 e6 3.Nf3 h6 4.Bxf6 Qxf6 5.e4 d6 6.Nc3 g6 7.Qd2 Bg7 8.O-O-O a6
9.Qe3 Nd7 10.h4 b5 11.Re1 Bb7 12.e5 Qe7 13.h5 g5 14.exd6 cxd6 15.d5 Ne5 16.Nd4 O-O
17.dxe6 fxe6 18.f3 Rac8 19.Be2 Rc7 20.a3 Rfc8 21.g3 Qf6 22.Rhf1 Nf7 23.Rd1 e5
24.Nb3 d5 25.Nxd5 Rxc2+ 26.Kb1 Bxd5 27.Rxd5 Qf5 28.Bd3 Rxb2+ 29.Kxb2 e4+
30.Ka2 Qxd5 31.Qxe4 Qd6 32.f4 g4 33.Rc1 Rd8 34.Nc5 Qf6 35.Rb1 Qd6 36.Rc1 a5
37.Qf5 b4 38.Re1 Bc3 39.Qh7+ Kf8 40.Ne6+  1-0